00567nam a22002177a 450000500170000000800410001704100080005808200170006610000400008324500610012326000150018426000130019926000090021230000180022165000150023965000160025465000220027094200120029299900170030495200280032120231124150247.0190613b2009 xxu||||| |||| 00| 0 spa d aESP a335.82 R696c aRodríguez Chaverri, Camilo912878 a100 años de Alberto Martén, forjador del solidarismo aCosta Rica bRaíces c2009 a285 páginas aCOSTA RICA aSOLIDARISMO aMARTÉN, ALBERTO cBK2ddc c12070d12070 o335.82 R696cp19067yBK